00000000nam 2200000zi 4500
0019.947291
003CaOODSP
00520250123110114
006m     o  d f      
007cr mn|||||||||
008250123e198107  onc|||| o    f000 0 fre d
040 |aCaOODSP|bfre|erda|cCaOODSP
043 |an-cn---|an-us---
0861 |aId35-18/1981F-PDF
24500|aÉquipement de bord pour navires de pêche : |bl'accès aux marchés de la côte ouest américaine / |cpréparé par Frank Orth & Associates Inc.
264 1|a[Ottawa] : |bMinistère de l'Industrie et du Commerce, |cjuillet 1981.
300 |a2 volumes
336 |atexte|btxt|2rdacontent/fre
337 |ainformatique|bc|2rdamedia/fre
338 |aressource en ligne|bcr|2rdacarrier/fre
500 |aÉdition numérisée de l'imprimé [par Innovation, sciences et développement économique Canada].
500 |aPublié aussi en anglais sous le titre : On-board fishing vessel equipment : accessing U.S. west coast markets.
500 |aEn tête du titre : Études du marché des États-Unis.
5050 |a[v. 1]. Résumé à l'intention de la Direction -- [v. 2]. Rapport.
650 6|aBateaux de pêche|zCanada|xAppareils et matériel.
650 6|aBateaux de pêche|zÉtats-Unis|xAppareils et matériel.
650 6|aÉtudes de marché|zÉtats-Unis.
7101 |aCanada. |bMinistère de l'industrie et du commerce, |eorganisme de publication.
7102 |aFrank Orth & Associates, |eauteur, |eorganisme de publication.
77508|tOn-board fishing vessel equipment : |w(CaOODSP)9.940611
85640|qPDF|s805 Ko|uhttps://publications.gc.ca/collections/collection_2025/isde-ised/Id35-18-1981-1-fra.pdf|z[v. 1]. Résumé à l'intention de la Direction
85640|qPDF|s2.88 Mo|uhttps://publications.gc.ca/collections/collection_2025/isde-ised/Id35-18-1981-2-fra.pdf|z[v. 2]. Rapport